MBA в сфере науки и образования учим управлять ВУЗом и НИИ; Инженерное образование; № 16
| Parent link: | Инженерное образование: электронный научный журнал/ Ассоциация инженерного образования России (АИОР).— : [Б. и.], 2003-.— 1810-2883 № 16.— 2014.— [2 с.] |
|---|---|
| Співавтор: | |
| Резюме: | Заглавие с титульного листа В данной статье говориться об образовательных программах Национального исследовательского Томского политехнического университета |
| Мова: | Російська |
| Опубліковано: |
2014
|
| Предмети: | |
| Онлайн доступ: | https://old.aeer.ru/files/io/m16/invitation.pdf |
| Формат: | Електронний ресурс Частина з книги |
| KOHA link: | https://koha.lib.tpu.ru/cgi-bin/koha/opac-detail.pl?biblionumber=543031 |
MARC
| LEADER | 00000naa2a2200000 4500 | ||
|---|---|---|---|
| 001 | 543031 | ||
| 005 | 20250520140609.0 | ||
| 035 | |a (RuTPU)RU\TPU\prd\233667 | ||
| 035 | |a RU\TPU\prd\233662 | ||
| 090 | |a 543031 | ||
| 100 | |a 20150320a2014 k y0rusy50 ca | ||
| 101 | 0 | |a rus | |
| 102 | |a RU | ||
| 135 | |a drcn ---uucaa | ||
| 181 | 0 | |a i | |
| 182 | 0 | |a b | |
| 200 | 1 | |a MBA в сфере науки и образования учим управлять ВУЗом и НИИ |b Электронный ресурс | |
| 203 | |a Текст |c электронный | ||
| 215 | |a 1 файл (54 Кб) | ||
| 230 | |a Электронные текстовые данные (1 файл : 54 Кб) | ||
| 300 | |a Заглавие с титульного листа | ||
| 330 | |a В данной статье говориться об образовательных программах Национального исследовательского Томского политехнического университета | ||
| 337 | |a Adobe Reader | ||
| 461 | 1 | |0 (RuTPU)RU\TPU\prd\176632 |x 1810-2883 |t Инженерное образование |o электронный научный журнал |f Ассоциация инженерного образования России (АИОР) |n [Б. и.] |d 2003- | |
| 463 | 1 | |0 (RuTPU)RU\TPU\prd\1188 |t № 16 |v [2 с.] |d 2014 | |
| 610 | 1 | |a инженерное образование | |
| 610 | 1 | |a электронный ресурс | |
| 610 | 1 | |a управление | |
| 610 | 1 | |a вузы | |
| 610 | 1 | |a НИИ | |
| 610 | 1 | |a образовательные программы | |
| 610 | 1 | |a ТПУ | |
| 712 | 0 | 2 | |a Национальный исследовательский Томский политехнический университет (ТПУ) |b Институт социально-гуманитарных технологий (ИСГТ) |b Кафедра организации и технологии высшего профессионального образования (ОТВПО) |h 5535 |2 stltpush |3 (RuTPU)RU\TPU\col\19273 |
| 801 | 1 | |a RU |b 63413507 |c 20090623 |g PSBO | |
| 801 | 2 | |a RU |b 63413507 |c 20180426 |g PSBO | |
| 856 | 4 | |u https://old.aeer.ru/files/io/m16/invitation.pdf | |
| 942 | |c BK | ||